Escritos sobre la histeria

Na minha lista:
Detalhes bibliográficos
Autor principal: Freud, Sigmund (Author)
Formato: Livro
Idioma:espanhol
Publicado em: Madrid Alianza 1974
Colecção:El Libro de Bolsillo. Sección Humanidades
Assuntos:
Tags: Adicionar Tag
Sem tags, seja o primeiro a adicionar uma tag!

MARC

LEADER 00000nam a2200000 a 4500
001 UCM8904
003 CL-VaPUC
008 030404e19740000SP |||||||||||||||||spa|d
082 0 4 |a 616.8524  |b FRE  |2 21 
100 |a Freud, Sigmund  |e author   |9 307892 
245 1 0 |a Escritos sobre la histeria 
300 |a 181 p 
942 |c BK 
945 |d 20030404 00:00:00  |a cmena 
260 |a Madrid  |b Alianza  |c 1974 
650 7 |a HISTERIA  |2 CL-VaPUC  |9 334741 
650 0 |a Neurosis  |9 312889 
650 7 |a ENFERMEDADES DEL SISTEMA NERVIOSO  |2 CL-VaPUC  |9 269801 
583 |a last modification  |c 20030404 00:00:00  |k Rodrigo Vera 
490 0 |a El Libro de Bolsillo. Sección Humanidades 
999 |c 303320  |d 303318 
952 |0 0  |1 0  |4 0  |6 616_852400000000000_FRE_1974  |7 0  |8 A  |9 364531  |a BIBEDU  |b BIBEDU  |c ES_NOD  |d 2019-11-21  |i 3890503  |o 616.8524 FRE 1974  |p 3890503  |r 2023-08-09  |w 2019-11-21  |y BK  |k BME